[Event "Bodenmais Arber Seniors op 10th"]
[Site "Bodenmais"]
[Date "2023.08.10"]
[Round "6"]
[White "Rieling, Thomas"]
[Black "Pommrich, Rainer"]
[Result "1/2-1/2"]
[WhiteElo "2085"]
[BlackElo "1937"]
[PlyCount "49"]
[EventDate "2023.08.05"]
[EventType "swiss"]
[EventRounds "9"]
[EventCountry "GER"]
[SourceTitle "EXT 2024"]
[Source "ChessBase"]
[SourceDate "2023.10.10"]
[SourceVersion "1"]
[SourceVersionDate "2023.10.10"]
[SourceQuality "1"]

1. e4 c5 2. Nc3 Nc6 3. g3 g6 4. Bg2 Bg7 5. d3 e6 6. Be3 d6 7. Qd2 Nd4 8. Nd1 Ne7 9. c3 Ndc6 10. Bh6 0-0 11. h4 Ne5 12. Bxg7 Kxg7 13. h5 Rh8 14. Ne3 f6 15. 0-0-0 Rb8 16. Ne2 b5 17. d4 cxd4 18. Qxd4 Rb6 19. f4 Nf7 20. h6+ Nxh6 21. e5 Nef5 22. exf6+ Qxf6 23. Nxf5+ Nxf5 24. Qf2 h5 25. Bf3 1/2-1/2